000 01652cam a22003494a 4500
001 8559
003 FISKH
005 20250930085231.0
008 100920s2010 nyua j 000 1 eng
010 _a 2010502463
020 _a9780312508470
_qboard bk.
020 _a0312508476
_qboard bk.
040 _aDLC
_cDLC
_dDLC
_beng
042 _apcc
050 _aPZ7.E2546 A
082 _a823
100 1 _aPriddy, Roger
245 1 0 _aAdventure stories :
_bWith read-along CD /
_c[illustrated by Holly Russell ; stories retold by Hermione Edwards].
260 _aNew York :
_bPriddy Books,
_c2010.
300 _a28 unnumbered pages :
_bcolor illustrations ;
_c25 cm +
_e1 sound disc (digital ; 4 3/4 in.)
500 _a"With a read-along audio CD."--P. [1] of cover.
505 0 _aThe lost world -- Around the world in eighty days -- Treasure Island.
520 _a* Embossed, illustrated pages feature three, classic, gripping adventure stories to thrill boys: The Lost World, Treasure Island and Around the World in Eighty Days * Specially recorded audio cd has spoken versions of each story, which children can listen to and follow in the book * Multi-sensory title which encourages reading, speaking and listening skills, while embossed pages are fun to touch and feel
650 0 _aBoard books.
700 1 _aRussell, Holly.
700 1 _aDoyle, Arthur Conan,
_d1859-1930.
_tLost world.
700 1 _aVerne, Jules,
_d1828-1905.
_tTour du monde en quatre-vingts jours.
700 1 _aStevenson, Robert Louis,
_d1850-1894.
_tTreasure Island.
906 _a7
_bcbc
_corignew
_d2
_encip
_f20
_gy-gencatlg
942 _2ddc
_cBK
_n0
999 _c8559
_d8559